[Event "UKR Games (Men) 3rd"]
[Site "Evpatoria"]
[Date "2007.05.23"]
[Round "4"]
[White "Galakhov, Vladimir"]
[Black "Bodnar, Nikolay"]
[Result "0-1"]
[WhiteElo "2377"]
[BlackElo "2370"]
[PlyCount "100"]
[EventDate "2007.05.21"]
[EventType "team-tourn"]
[EventRounds "7"]
[EventCountry "UKR"]
[SourceTitle "CBM 118 Extra"]
[Source "ChessBase"]
[SourceDate "2007.07.04"]
[SourceVersion "1"]
[SourceVersionDate "2007.07.04"]
[SourceQuality "1"]

1. d4 Nf6 2. Nf3 b5 3. Bg5 Bb7 4. e3 a6 5. Nbd2 h6 6. Bxf6 gxf6 7. c3 e6 8. a4 b4 9. Bd3 c5 10. 0-0 Nc6 11. Qe2 Be7 12. e4 bxc3 13. bxc3 cxd4 14. cxd4 Nb4 15. Rfb1 a5 16. Bb5 Kf8 17. Nf1 d5 18. e5 f5 19. Rc1 Kg7 20. Ng3 Kh7 21. Nh5 Rc8 22. h3 Rg8 23. Kh2 Qb6 24. Rab1 Bc6 25. Bd3 Bxa4 26. g4 Rxc1 27. Rxc1 Nxd3 28. Qxd3 Qb2 29. Rg1 Qc2 30. Qxc2 Bxc2 31. Rc1 fxg4 32. hxg4 Bg6 33. Nf4 Bg5 34. Kg3 Bxf4+ 35. Kxf4 a4 36. Rc3 Rb8 37. Nd2 Rb2 38. Ke3 Bc2 39. Rc7 Kg6 40. Ra7 Bd1 41. f3 Ra2 42. Nb1 Re2+ 43. Kd3 Rf2 44. Nd2 Bxf3 45. Ke3 Re2+ 46. Kxf3 Rxd2 47. Rxa4 Rd1 48. Ke3 Re1+ 49. Kf3 Re4 50. Rb4 Kg5 0-1

[Event "UKR Games (Men) 3rd"]
[Site "Evpatoria"]
[Date "2007.05.21"]
[Round "1"]
[White "Shalimov, Valery"]
[Black "Galakhov, Vladimir"]
[Result "0-1"]
[WhiteElo "2381"]
[BlackElo "2377"]
[PlyCount "123"]
[EventDate "2007.05.21"]
[EventType "team-tourn"]
[EventRounds "7"]
[EventCountry "UKR"]
[SourceTitle "CBM 118 Extra"]
[Source "ChessBase"]
[SourceDate "2007.07.04"]
[SourceVersion "1"]
[SourceVersionDate "2007.07.04"]
[SourceQuality "1"]

1. d4 e6 2. c4 Nf6 3. Nf3 d5 4. Nc3 Nbd7 5. cxd5 exd5 6. Qc2 Bb4 7. a3 Bxc3+ 8. Qxc3 0-0 9. Bf4 c6 10. h3 Re8 11. e3 Ne4 12. Qc2 Nf8 13. Bd3 a5 14. 0-0 Ng6 15. Bh2 a4 16. Rae1 Bf5 17. Ne5 Nxe5 18. Bxe5 Bg6 19. Bf4 Qa5 20. Re2 Nf6 21. Rb1 Bxd3 22. Qxd3 Qa6 23. Qd1 Nd7 24. b3 axb3 25. Reb2 b5 26. Rxb3 Nb6 27. Bd6 Nc4 28. Bb4 Re6 29. Rc3 Qc8 30. Qc2 g6 31. Re1 f5 32. Ra1 Ra4 33. Kh1 Qc7 34. Re1 Ra8 35. g3 Qd7 36. Kg2 Ree8 37. Rb3 Qe6 38. f3 Qd7 39. Qb1 Re6 40. Qc1 Rae8 41. Kf2 g5 42. e4 dxe4 43. Qxg5+ Rg6 44. Qc1 Qxd4+ 45. Kg2 Qd5 46. Qf4 Ne5 47. Rbe3 Nd3 48. Rxd3 Qxd3 49. fxe4 fxe4 50. Re3 Qd5 51. g4 Qe5 52. Qf2 Rf6 53. Qh4 Qf4 54. Qe1 Rf7 55. Bc5 Rd8 56. Bb4 h5 57. Rxe4 Qf3+ 58. Kh2 Qf2+ 59. Qxf2 Rxf2+ 60. Kg3 Rc2 61. Re5 Rd3+ 62. Kh4 0-1

[Event "Geller Memorial op-A 2nd"]
[Site "Odessa"]
[Date "2006.09.24"]
[Round "6"]
[White "Vysochin, Spartak"]
[Black "Galakhov, Vladimir"]
[Result "1-0"]
[WhiteElo "2555"]
[BlackElo "2383"]
[PlyCount "69"]
[EventDate "2006.09.19"]
[EventType "swiss"]
[EventRounds "9"]
[EventCountry "UKR"]
[SourceTitle "CBM 114 Extra"]
[Source "ChessBase"]
[SourceDate "2006.11.03"]
[SourceVersion "1"]
[SourceVersionDate "2006.11.03"]
[SourceQuality "1"]

1. e4 e6 2. d4 d5 3. e5 c5 4. c3 Qb6 5. Nf3 Bd7 6. a3 Nc6 7. b4 cxd4 8. cxd4 Rc8 9. Bb2 Nh6 10. Nc3 Nf5 11. Na4 Qd8 12. Nc5 Bxc5 13. dxc5 b6 14. b5 bxc5 15. bxc6 Bxc6 16. Bd3 0-0 17. 0-0 Qe7 18. Qc2 Bd7 19. Rac1 h6 20. Bxf5 exf5 21. a4 Rc7 22. Rfd1 Be6 23. Nd4 Qd7 24. Ba3 Rfc8 25. Nb5 Rc6 26. Nd6 R8c7 27. Rb1 Ra6 28. Rb5 f6 29. f4 fxe5 30. fxe5 Qd8 31. Rxc5 Rxc5 32. Bxc5 Qh4 33. Nxf5 Qxa4 34. Qxa4 Rxa4 35. Nd4 1-0

[Event "Geller Memorial op-A 1st"]
[Site "Odessa"]
[Date "2005.09.18"]
[Round "4"]
[White "Galakhov, Vladimir"]
[Black "Fiodorov, Mikhail"]
[Result "0-1"]
[WhiteElo "2405"]
[BlackElo "2151"]
[PlyCount "102"]
[EventDate "2005.09.15"]
[EventType "swiss"]
[EventRounds "9"]
[EventCountry "UKR"]
[SourceTitle "CBM 108 Extra"]
[Source "ChessBase"]
[SourceDate "2005.11.04"]
[SourceVersion "1"]
[SourceVersionDate "2005.11.04"]
[SourceQuality "1"]

1. d4 Nf6 2. Nf3 e6 3. Bg5 c5 4. e3 h6 5. Bxf6 Qxf6 6. Nbd2 cxd4 7. exd4 b6 8. Bd3 Bb7 9. 0-0 Be7 10. c3 0-0 11. Re1 Re8 12. Be4 Bxe4 13. Nxe4 Qf4 14. d5 Bf8 15. Qd3 Qc7 16. Rad1 e5 17. d6 Qb7 18. Ng3 Nc6 19. Qd5 Qa6 20. b4 b5 21. Ne4 Qa3 22. Re3 Re6 23. Qxb5 Qxa2 24. Re2 Qb3 25. Red2 a6 26. Qb7 Ra7 27. Qc8 Rg6 28. Nc5 Qxc3 29. Nh4 Rg4 30. Nf5 Qf3 31. Ne3 Nd4 32. Kh1 Qf4 33. Nxg4 Qxg4 34. Qb8 Nc6 35. Qb6 Qxb4 36. Qxb4 Nxb4 37. Rc1 f6 38. Na4 Kf7 39. Rc7 Nc6 40. Nc5 Ra8 41. Rxd7+ Kg6 42. Ne6 a5 43. Rc7 Nd4 44. Nxd4 Bxd6 45. Rd7 Bb4 46. Ne2 Bxd2 47. Rxd2 Kf5 48. g3 g5 49. Kg2 g4 50. Nc3 h5 51. h4 Rc8 0-1

[Event "Internet Section 14-A"]
[Site "Dos Hermanas"]
[Date "2003.03.14"]
[Round "2"]
[White "Bachmann, Axel"]
[Black "Galakhov, Vladimir"]
[Result "1-0"]
[WhiteElo "2146"]
[BlackElo "2405"]
[PlyCount "85"]
[EventDate "2003.03.14"]
[EventType "swiss (blitz)"]
[EventRounds "9"]
[EventCountry "ESP"]
[SourceTitle "EXT 2004"]
[Source "ChessBase"]
[SourceDate "2003.11.25"]
[SourceVersion "1"]
[SourceVersionDate "2003.11.25"]
[SourceQuality "1"]

1. e4 c5 2. Nf3 a6 3. d3 Nc6 4. Nbd2 g6 5. g3 Bg7 6. Bg2 e6 7. 0-0 Nge7 8. c3 0-0 9. Re1 d6 10. Nf1 b5 11. d4 cxd4 12. cxd4 d5 13. e5 Nf5 14. g4 Nh4 15. Nxh4 Qxh4 16. h3 f6 17. exf6 Qxf6 18. Be3 Nxd4 19. Kh1 Nf3 20. Re2 Bb7 21. Ng3 Nh4 22. g5 Qf7 23. Bd4 Nxg2 24. Kxg2 e5 25. Bc5 Qf3+ 26. Kh2 d4 27. Qg1 Rf7 28. Rae1 Re8 29. Bxd4 Qd5 30. Bb6 Qxa2 31. b4 Qd5 32. Bc5 Rf4 33. Ne4 Qe6 34. Nd6 Re7 35. Nxb7 Rxb7 36. Qg3 Rbf7 37. Rd2 h5 38. gxh6 Bxh6 39. Rd6 Qf5 40. Rxg6+ Kh7 41. Rg1 Qh5 42. Rg8 Rf3 43. Rh8+ 1-0

[Event "Internet Section 14-A"]
[Site "Dos Hermanas"]
[Date "2003.03.14"]
[Round "7"]
[White "Galakhov, Vladimir"]
[Black "Minzer, Claudio Javier"]
[Result "0-1"]
[WhiteElo "2405"]
[BlackElo "2394"]
[PlyCount "78"]
[EventDate "2003.03.14"]
[EventType "swiss (blitz)"]
[EventRounds "9"]
[EventCountry "ESP"]
[SourceTitle "EXT 2004"]
[Source "ChessBase"]
[SourceDate "2003.11.25"]
[SourceVersion "1"]
[SourceVersionDate "2003.11.25"]
[SourceQuality "1"]

1. d4 Nf6 2. Nf3 g6 3. Bg5 Bg7 4. c3 0-0 5. Nbd2 d5 6. e3 b6 7. Bd3 Bb7 8. 0-0 Nbd7 9. a4 c5 10. a5 Re8 11. Qa4 c4 12. Be2 Qc7 13. Bf4 Qc6 14. Qxc6 Bxc6 15. axb6 axb6 16. h3 e6 17. Ne5 Nxe5 18. Bxe5 Nd7 19. Bxg7 Kxg7 20. e4 Ba4 21. exd5 exd5 22. Bf3 Nf6 23. g4 g5 24. Kg2 b5 25. Kg3 Bc2 26. Bg2 Rxa1 27. Rxa1 Re2 28. Nf1 Be4 29. f3 Bd3 30. Ra2 h5 31. h4 gxh4+ 32. Kh3 hxg4+ 33. fxg4 Be4 34. Bxe4 Nxe4 35. Ra6 f6 36. Rb6 Rf2 37. Ne3 Rf3+ 38. Kxh4 Rxe3 39. Rxb5 Ng5 0-1

[Event "Odessa-ch"]
[Site "Odessa"]
[Date "2000.??.??"]
[Round "?"]
[White "Aleferenko, Anton"]
[Black "Galakhov, Vladimir"]
[Result "1-0"]
[WhiteElo "2312"]
[BlackElo "2405"]
[PlyCount "105"]
[EventDate "2000.??.??"]
[EventType "tourn"]
[EventRounds "15"]
[EventCountry "UKR"]
[SourceTitle "EXT 2001"]
[Source "ChessBase"]
[SourceDate "2000.11.22"]
[SourceVersion "1"]
[SourceVersionDate "2000.11.22"]
[SourceQuality "1"]

1. d4 e6 2. c4 f5 3. Nf3 Nf6 4. g3 Be7 5. Bg2 0-0 6. 0-0 Ne4 7. d5 Bf6 8. Nfd2 Nxd2 9. Nxd2 e5 10. e4 f4 11. b4 a5 12. bxa5 d6 13. Nb3 Na6 14. Ba3 g5 15. g4 Qd7 16. f3 Qa4 17. Qc1 Bd7 18. Rf2 Rac8 19. Bf1 c5 20. dxc6 Rxc6 21. Qb2 Be6 22. Rd1 Bxc4 23. Bxc4+ Qxc4 24. Bxd6 Rd8 25. Rfd2 Qc3 26. Qxc3 Rxc3 27. Rd5 Re8 28. Rb5 Rxf3 29. Rxb7 Rc3 30. Rb6 Ra8 31. Ba3 Bd8 32. Rxa6 Rxa6 33. Rxd8+ Kf7 34. Bb4 Rc2 35. Nc5 Rh6 36. Rd7+ Ke8 37. Rd2 Rc1+ 38. Kg2 Rc6 39. Nd3 R1c2 40. Nxe5 Rxd2+ 41. Bxd2 Rc2 42. Nf3 Rxa2 43. Kf1 Kd7 44. Ke2 h6 45. h4 h5 46. hxg5 hxg4 47. Ne5+ Ke6 48. Nxg4 Ra3 49. Nf2 f3+ 50. Kd1 Ke5 51. Kc2 Kd4 52. g6 Ra4 53. Bc3+ 1-0

[Event "Odessa-ch"]
[Site "Odessa"]
[Date "2000.??.??"]
[Round "?"]
[White "Galakhov, Vladimir"]
[Black "Drozdovskij, Yuri"]
[Result "1/2-1/2"]
[WhiteElo "2405"]
[BlackElo "2415"]
[PlyCount "59"]
[EventDate "2000.??.??"]
[EventType "tourn"]
[EventRounds "15"]
[EventCountry "UKR"]
[SourceTitle "EXT 2001"]
[Source "ChessBase"]
[SourceDate "2000.11.22"]
[SourceVersion "1"]
[SourceVersionDate "2000.11.22"]
[SourceQuality "1"]

1. d4 d5 2. Nf3 Nf6 3. c4 c6 4. e3 e6 5. Nbd2 c5 6. cxd5 exd5 7. Bb5+ Bd7 8. Bxd7+ Nbxd7 9. dxc5 Nxc5 10. 0-0 Be7 11. Nb3 Nce4 12. Nbd4 0-0 13. b3 Rc8 14. Bb2 Bb4 15. Qe2 Bc3 16. Bxc3 Rxc3 17. h3 Qa5 18. Qb5 Qxb5 19. Nxb5 Rc5 20. Nbd4 Rfc8 21. Ne5 a6 22. Rfd1 Kf8 23. a4 a5 24. f3 Ng5 25. Rab1 Rc3 26. Nd3 Ne6 27. Nb5 Rc2 28. Rbc1 Ke7 29. Na3 R2c3 30. Nb1 1/2-1/2

[Event "Odessa-ch"]
[Site "Odessa"]
[Date "2000.??.??"]
[Round "?"]
[White "Galakhov, Vladimir"]
[Black "Tishin, Dmitry"]
[Result "1/2-1/2"]
[WhiteElo "2405"]
[BlackElo "2397"]
[PlyCount "110"]
[EventDate "2000.??.??"]
[EventType "tourn"]
[EventRounds "15"]
[EventCountry "UKR"]
[SourceTitle "EXT 2001"]
[Source "ChessBase"]
[SourceDate "2000.11.22"]
[SourceVersion "1"]
[SourceVersionDate "2000.11.22"]
[SourceQuality "1"]

1. d4 c5 2. d5 e5 3. e4 d6 4. Nc3 Be7 5. f4 exf4 6. Bxf4 g5 7. Bg3 h5 8. Nf3 a6 9. e5 h4 10. Bf2 g4 11. Nd2 Rh5 12. Nc4 b5 13. exd6 Bf6 14. d7+ Nxd7 15. Nd6+ Kf8 16. Qxg4 Bxc3+ 17. bxc3 Ngf6 18. Qf4 Qe7+ 19. Be2 Re5 20. 0-0 Qxd6 21. Bxh4 Bb7 22. Rad1 Ke7 23. Bg4 Rg8 24. Bxd7 Kxd7 25. Bg3 Rxg3 26. Qxg3 Bxd5 27. a4 Re6 28. Qg7 Ke7 29. axb5 axb5 30. Qg5 Qe5 31. Qd2 Ng4 32. Qf4 Qe3+ 33. Kh1 Qxf4 34. Rxf4 Ne3 35. Rd2 Nxg2 36. Rf1 Ne3+ 37. Kg1 Rg6+ 38. Kf2 Nxf1 39. Rxd5 Nxh2 40. Rxc5 Ng4+ 41. Kf3 Kd6 42. Rxb5 Ne5+ 43. Ke4 Nc6 44. Kf4 Rg2 45. Rb7 Rxc2 46. Ke4 Rxc3 47. Rxf7 Rc4+ 48. Ke3 Ne5 49. Rf4 Rc3+ 50. Ke4 Ke6 51. Rf8 Rc4+ 52. Ke3 Ng4+ 53. Kd3 Ne5+ 54. Ke3 Ng4+ 55. Kd3 Ne5+ 1/2-1/2

[Event "UKR ol"]
[Site "Alushta"]
[Date "1999.??.??"]
[Round "?"]
[White "Budnikov, Oleg"]
[Black "Galakhov, Vladimir"]
[Result "0-1"]
[WhiteElo "2296"]
[BlackElo "2405"]
[PlyCount "119"]
[EventDate "1999.05.12"]
[EventType "team-tourn"]
[EventRounds "11"]
[EventCountry "UKR"]
[SourceTitle "EXT 2001"]
[Source "ChessBase"]
[SourceDate "2000.11.22"]
[SourceVersion "1"]
[SourceVersionDate "2000.11.22"]
[SourceQuality "1"]

1. d4 e6 2. Nf3 f5 3. g3 Nf6 4. Bg2 Be7 5. 0-0 0-0 6. c4 Ne4 7. Qc2 Bf6 8. Rd1 d6 9. Nbd2 d5 10. b3 Nc6 11. Bb2 a5 12. Ne5 Bd7 13. a3 Be8 14. Ndf3 Qe7 15. Rac1 Rd8 16. e3 Rc8 17. Ne1 g5 18. f3 Nd6 19. c5 Nf7 20. f4 Bg7 21. Nxc6 Bxc6 22. a4 Ra8 23. Qd2 Ra7 24. Bc3 Rfa8 25. Nc2 Nh6 26. Na3 gxf4 27. exf4 Ng4 28. Qe2 Nf6 29. Nb5 Bxb5 30. Qxb5 c6 31. Qe2 Qf7 32. Rb1 Ne4 33. Ba1 Bf6 34. Qc2 Kh8 35. Bf3 h5 36. Kh1 Kg7 37. Rg1 Rh8 38. b4 axb4 39. Rxb4 Kf8 40. Rg2 Qc7 41. Qc1 Rh7 42. h4 Qe7 43. Bc3 Qg7 44. Bxe4 dxe4 45. Qd1 Ra8 46. Qb3 Qe7 47. Rb2 Ra7 48. Be1 Rg7 49. Qd1 Qf7 50. a5 Kg8 51. Qb3 Kh7 52. Kh2 Bd8 53. Ra4 Qg6 54. Qe3 Ra8 55. Ra3 Bf6 56. Rab3 Rd8 57. Bc3 Rdd7 58. Ra3 Qg4 59. Rc2 Rd8 60. Rb2 0-1

[Event "UKR ol"]
[Site "Alushta"]
[Date "1999.??.??"]
[Round "?"]
[White "Kovchan, Alexander"]
[Black "Galakhov, Vladimir"]
[Result "1-0"]
[WhiteElo "2369"]
[BlackElo "2405"]
[PlyCount "83"]
[EventDate "1999.05.12"]
[EventType "team-tourn"]
[EventRounds "11"]
[EventCountry "UKR"]
[SourceTitle "EXT 2001"]
[Source "ChessBase"]
[SourceDate "2000.11.22"]
[SourceVersion "1"]
[SourceVersionDate "2000.11.22"]
[SourceQuality "1"]

1. e4 e6 2. d4 d5 3. Nc3 Bb4 4. exd5 exd5 5. Bd3 Nc6 6. a3 Ba5 7. Be3 Nge7 8. Qh5 Be6 9. b4 Bb6 10. Nf3 g6 11. Qh6 Ng8 12. Qg7 Qf6 13. Qxf6 Nxf6 14. h3 0-0 15. 0-0-0 Rfe8 16. Bb5 a5 17. Bxc6 bxc6 18. Kb2 Ne4 19. Ne2 Nd6 20. Nd2 Bc8 21. c3 Nf5 22. Nf1 Ba6 23. Re1 Bc4 24. Nc1 Ra7 25. Nd2 Bb5 26. Bg5 Rb8 27. g4 Nxd4 28. cxd4 Bxd4+ 29. Kc2 axb4 30. axb4 Bxf2 31. Be3 Ba4+ 32. Kc3 Bxe1 33. Bxa7 Bxd2+ 34. Kxd2 Rxb4 35. Nd3 Rb3 36. Bd4 Bb5 37. Nc5 Rg3 38. Re1 f5 39. Re7 fxg4 40. Rg7+ Kf8 41. Ne6+ Ke8 42. Bc5 1-0